R in a Nutshell : A Desktop Quick Reference / (Record no. 26529)

000 -LEADER
fixed length control field 00568 a2200181 4500
008 - FIXED-LENGTH DATA ELEMENTS--GENERAL INFORMATION
fixed length control field 230628b ||||| |||| 00| 0 eng d
020 ## - INTERNATIONAL STANDARD BOOK NUMBER
International Standard Book Number 9789350239209
Terms of availability Rs2050.00
041 0# - LANGUAGE CODE
Language code of text/sound track or separate title eng
082 00 - DEWEY DECIMAL CLASSIFICATION NUMBER
Classification number 005.133
Item number A2371
100 ## - MAIN ENTRY--PERSONAL NAME
Personal name Adler, Joseph
245 ## - TITLE STATEMENT
Title R in a Nutshell : A Desktop Quick Reference /
250 ## - EDITION STATEMENT
Edition statement 2nd ed.
260 ## - PUBLICATION, DISTRIBUTION, ETC. (IMPRINT)
Place of publication, distribution, etc Sebastopol :
Name of publisher, distributor, etc O'Reilly media, in.,
Date of publication, distribution, etc 2022.
Place of publication, distribution, etc Mumbai :
Name of publisher, distributor, etc Shroff Publishers & Distributors pvt. ltd.,
Date of publication, distribution, etc 2022.
300 ## - PHYSICAL DESCRIPTION
Extent xix, 699 p.
650 #0 - SUBJECT ADDED ENTRY--TOPICAL TERM
Topical term or geographic name as entry element R (Computer programming language)
942 ## - ADDED ENTRY ELEMENTS (KOHA)
Source of classification or shelving scheme
Item type Books
Holdings
Withdrawn status Lost status Source of classification or shelving scheme Damaged status Not for loan Permanent location Current location Shelving location Date acquired Source of acquisition Cost, normal purchase price Full call number Barcode Date last seen Cost, replacement price Koha item type Total Checkouts Date last borrowed
          IMU Kolkata IMU Kolkata Reference 2023-06-28 5 1476.00 005.133 A2371 14178 2023-06-28 2050.00 Books    
          IMU Kolkata IMU Kolkata   2023-06-28 5 1476.00 005.133 A2371 14179 2025-02-07 2050.00 Books 1 2025-01-22
          IMU Kolkata IMU Kolkata   2023-07-03 5 1476.00 005.133 A2371 14262 2025-02-07 2050.00 Books 1 2025-01-22
          IMU Kolkata IMU Kolkata   2023-04-17         2023-04-17   Books    
Designed and Maintained by IMU-KC Library, Kolkata Campus © Copyright All Rights Reserved

webs counters

Powered by Koha